01001 2200289 4500001002100000005001500021035002000036007000300056008004100059040002200100082001700122084001900139090002300158100003100181245010300212250003000315300004100345850001200386504002800398651002400426710008700450264008000537336002100617337003000638338002300668990002000691INLIS00000000085340820191203125240 a0010-1219000094ta191203s2006 jiia g ind d aYOPDYOGbinderda04223a959.8211 a959.8211 MUH r aBTR 959.8211 MUH r0 aMuh Fajar Pramonoepenulis10aRaden Bathoro Katong :bbapak-e wong Ponorogo /cpenulis, Muh Fajar Pramono; penyunting, Tim LP2BM aCetakan I, September 2006 axi, 60 halaman :bilustrasi ;c20 cm aYOPDYOG aBibliografi: halaman 59 42Ponorogo--xSejarah2 aLembaga Penelitian Pemberdayaan Birokrasi dan Masyarakat Ponorogo 2006epenyunting aPonorogo :bLembaga Penelitian Pemberdayaan Birokrasi dan Masyarakat,c2006 2rdacontentateks 2rdamediaatanpa perantara 2rdacarrieravolume a65232-PD/A.2019